<?xml version="1.0" encoding="UTF-8"?>
<record
    xmlns:xsi="http://www.w3.org/2001/XMLSchema-instance"
    xsi:schemaLocation="http://www.loc.gov/MARC21/slim http://www.loc.gov/standards/marcxml/schema/MARC21slim.xsd"
    xmlns="http://www.loc.gov/MARC21/slim">

  <leader>02256nam a2200553 a 4500</leader>
  <controlfield tag="005">20240412120535.0</controlfield>
  <controlfield tag="008">100806t2016||||ag a   f |||| 001 0 spa d</controlfield>
  <datafield tag="020" ind1=" " ind2=" ">
    <subfield code="a">9789500606264</subfield>
  </datafield>
  <datafield tag="041" ind1=" " ind2=" ">
    <subfield code="a">spa</subfield>
  </datafield>
  <datafield tag="092" ind1=" " ind2=" ">
    <subfield code="c">574.8</subfield>
    <subfield code="l">7</subfield>
    <subfield code="s">BIO</subfield>
  </datafield>
  <datafield tag="245" ind1=" " ind2=" ">
    <subfield code="a">Biolog&#xED;a celular y molecular /</subfield>
    <subfield code="c">Harvey Lodish</subfield>
  </datafield>
  <datafield tag="250" ind1=" " ind2=" ">
    <subfield code="a">7a ed.</subfield>
    <subfield code="b">Traducci&#xF3;n Editorial Medica Panamericana</subfield>
  </datafield>
  <datafield tag="260" ind1=" " ind2=" ">
    <subfield code="a">Buenos Aires: </subfield>
    <subfield code="b">Editorial M&#xE9;dica Panamericana;</subfield>
    <subfield code="c">2016.</subfield>
  </datafield>
  <datafield tag="300" ind1=" " ind2=" ">
    <subfield code="a">1154 p.</subfield>
  </datafield>
  <datafield tag="500" ind1=" " ind2=" ">
    <subfield code="a">Lodish, H. et al. (2016). Biolog&#xED;a celular y molecular. (7a ed.). Buenos Aires : Editorial M&#xE9;dica Panamericana.</subfield>
  </datafield>
  <datafield tag="653" ind1=" " ind2=" ">
    <subfield code="a">Moleculas, c&#xE9;lulas y evoluci&#xF3;n</subfield>
  </datafield>
  <datafield tag="653" ind1=" " ind2=" ">
    <subfield code="a">Fundamentos qu&#xED;micos</subfield>
  </datafield>
  <datafield tag="653" ind1=" " ind2=" ">
    <subfield code="a">Estructura y funci&#xF3;n de las proteinas</subfield>
  </datafield>
  <datafield tag="653" ind1=" " ind2=" ">
    <subfield code="a">Mecanismos gen&#xE9;ticos moleculares</subfield>
  </datafield>
  <datafield tag="653" ind1=" " ind2=" ">
    <subfield code="a">T&#xE9;cnicas de gen&#xE9;tica molecular</subfield>
  </datafield>
  <datafield tag="653" ind1=" " ind2=" ">
    <subfield code="a">Genes, gen&#xF3;mica y cromosomas</subfield>
  </datafield>
  <datafield tag="653" ind1=" " ind2=" ">
    <subfield code="a">Control transcripcional de la expresi&#xF3;n g&#xE9;nica</subfield>
  </datafield>
  <datafield tag="653" ind1=" " ind2=" ">
    <subfield code="a">Control g&#xE9;nico postrasduccional</subfield>
  </datafield>
  <datafield tag="653" ind1=" " ind2=" ">
    <subfield code="a">Cultivo, visualizaci&#xF3;n y perturbaci&#xF3;n de c&#xE9;lulas</subfield>
  </datafield>
  <datafield tag="653" ind1=" " ind2=" ">
    <subfield code="a">Estructura de las biomembranas</subfield>
  </datafield>
  <datafield tag="653" ind1=" " ind2=" ">
    <subfield code="a">Transporte de iones y mol&#xE9;culas peque&#xF1;as a trav&#xE9;s de la membrana</subfield>
  </datafield>
  <datafield tag="653" ind1=" " ind2=" ">
    <subfield code="a">Energ&#xE9;tica celular</subfield>
  </datafield>
  <datafield tag="653" ind1=" " ind2=" ">
    <subfield code="a">Movimiento de las prote&#xED;nas hacia la membrana y &#xF3;rganos</subfield>
  </datafield>
  <datafield tag="653" ind1=" " ind2=" ">
    <subfield code="a">Tr&#xE1;nsito, secreci&#xF3;n y endocitoris vesiculares</subfield>
  </datafield>
  <datafield tag="653" ind1=" " ind2=" ">
    <subfield code="a">Transducci&#xF3;n de la se&#xF1;al y receptores acomplados a prote&#xED;na G</subfield>
  </datafield>
  <datafield tag="653" ind1=" " ind2=" ">
    <subfield code="a">V&#xED;as de se&#xF1;alizaci&#xF3;n que controlan la expresi&#xF3;n g&#xE9;nica</subfield>
  </datafield>
  <datafield tag="653" ind1=" " ind2=" ">
    <subfield code="a">Organizaci&#xF3;n y movimiento celular I: microfilamentos</subfield>
  </datafield>
  <datafield tag="653" ind1=" " ind2=" ">
    <subfield code="a">Organizaci&#xF3;n y movimiento celular II: microt&#xFA;bulos y filamentos intermedios</subfield>
  </datafield>
  <datafield tag="653" ind1=" " ind2=" ">
    <subfield code="a">Ciclo celular de las c&#xE9;lulas eucariontes</subfield>
  </datafield>
  <datafield tag="653" ind1=" " ind2=" ">
    <subfield code="a">Integraci&#xF3;n de c&#xE9;ulas en tejidos</subfield>
  </datafield>
  <datafield tag="653" ind1=" " ind2=" ">
    <subfield code="a">C&#xE9;lulas madre, asimetr&#xED;a celualr y muerte celular</subfield>
  </datafield>
  <datafield tag="653" ind1=" " ind2=" ">
    <subfield code="a">C&#xE9;lulas nerviosas</subfield>
  </datafield>
  <datafield tag="653" ind1=" " ind2=" ">
    <subfield code="a">IInmunolog&#xED;a</subfield>
  </datafield>
  <datafield tag="653" ind1=" " ind2=" ">
    <subfield code="a">C&#xE1;ncer</subfield>
  </datafield>
  <datafield tag="700" ind1="1" ind2=" ">
    <subfield code="a">Lodish, Harvey.</subfield>
    <subfield code="9">841</subfield>
  </datafield>
  <datafield tag="700" ind1="1" ind2=" ">
    <subfield code="a">Berk, Arnold.</subfield>
    <subfield code="9">842</subfield>
  </datafield>
  <datafield tag="700" ind1="1" ind2=" ">
    <subfield code="a">Scott, Matthew P.</subfield>
    <subfield code="9">2170</subfield>
  </datafield>
  <datafield tag="700" ind1="1" ind2=" ">
    <subfield code="a">Kaiser, Chris A.</subfield>
    <subfield code="9">2171</subfield>
  </datafield>
  <datafield tag="700" ind1="1" ind2=" ">
    <subfield code="a">Krieger, Monty</subfield>
    <subfield code="9">2169</subfield>
  </datafield>
  <datafield tag="700" ind1="1" ind2=" ">
    <subfield code="a">Bretscher, Anthony</subfield>
    <subfield code="9">3056</subfield>
  </datafield>
  <datafield tag="700" ind1="1" ind2=" ">
    <subfield code="a">Ploegh, Hidde</subfield>
    <subfield code="9">3057</subfield>
  </datafield>
  <datafield tag="700" ind1="1" ind2=" ">
    <subfield code="a">Amon, Angelika</subfield>
    <subfield code="9">3058</subfield>
  </datafield>
  <datafield tag="942" ind1=" " ind2=" ">
    <subfield code="2">ddc</subfield>
    <subfield code="c">BK</subfield>
  </datafield>
  <datafield tag="999" ind1=" " ind2=" ">
    <subfield code="c">2251</subfield>
    <subfield code="d">2251</subfield>
  </datafield>
  <datafield tag="952" ind1=" " ind2=" ">
    <subfield code="0">0</subfield>
    <subfield code="1">0</subfield>
    <subfield code="2">ddc</subfield>
    <subfield code="4">0</subfield>
    <subfield code="7">0</subfield>
    <subfield code="8">REF</subfield>
    <subfield code="a">BFM</subfield>
    <subfield code="b">BFM</subfield>
    <subfield code="c">REF</subfield>
    <subfield code="d">2016-04-12</subfield>
    <subfield code="e">COMPRA PROMED 3er A&#xD1;O, ABRIL 2016</subfield>
    <subfield code="g">1470.00</subfield>
    <subfield code="l">23</subfield>
    <subfield code="m">4</subfield>
    <subfield code="o">574.8 7 BIO</subfield>
    <subfield code="p">3650</subfield>
    <subfield code="r">2021-04-14</subfield>
    <subfield code="s">2020-03-13</subfield>
    <subfield code="t">Ej.6</subfield>
    <subfield code="w">2016-04-12</subfield>
    <subfield code="y">REF</subfield>
    <subfield code="z">LIBRO DE CONSULTA. COMPRA PROMED 3er A&#xD1;O, ABRIL 2016</subfield>
  </datafield>
  <datafield tag="952" ind1=" " ind2=" ">
    <subfield code="0">0</subfield>
    <subfield code="1">0</subfield>
    <subfield code="2">ddc</subfield>
    <subfield code="4">0</subfield>
    <subfield code="7">0</subfield>
    <subfield code="a">BFM</subfield>
    <subfield code="b">BFM</subfield>
    <subfield code="c">CR</subfield>
    <subfield code="d">2016-04-12</subfield>
    <subfield code="e">COMPRA PROMED 3er A&#xD1;O, ABRIL 2016</subfield>
    <subfield code="g">1470.00</subfield>
    <subfield code="l">61</subfield>
    <subfield code="m">3</subfield>
    <subfield code="o">574.8 7 BIO</subfield>
    <subfield code="p">3651</subfield>
    <subfield code="r">2023-04-04</subfield>
    <subfield code="s">2023-03-29</subfield>
    <subfield code="t">Ej.7</subfield>
    <subfield code="w">2016-04-12</subfield>
    <subfield code="y">BK</subfield>
    <subfield code="z">COMPRA PROMED 3er A&#xD1;O, ABRIL 2016</subfield>
  </datafield>
  <datafield tag="952" ind1=" " ind2=" ">
    <subfield code="0">0</subfield>
    <subfield code="1">0</subfield>
    <subfield code="2">ddc</subfield>
    <subfield code="4">0</subfield>
    <subfield code="7">0</subfield>
    <subfield code="a">BFM</subfield>
    <subfield code="b">BFM</subfield>
    <subfield code="c">CR</subfield>
    <subfield code="d">2016-04-12</subfield>
    <subfield code="e">COMPRA PROMED 3er A&#xD1;O, ABRIL 2016</subfield>
    <subfield code="g">1470.00</subfield>
    <subfield code="l">57</subfield>
    <subfield code="m">7</subfield>
    <subfield code="o">574.8 7 BIO</subfield>
    <subfield code="p">3652</subfield>
    <subfield code="r">2023-04-13</subfield>
    <subfield code="s">2023-04-03</subfield>
    <subfield code="t">Ej.8</subfield>
    <subfield code="w">2016-04-12</subfield>
    <subfield code="y">BK</subfield>
    <subfield code="z">COMPRA PROMED 3er A&#xD1;O, ABRIL 2016</subfield>
  </datafield>
  <datafield tag="952" ind1=" " ind2=" ">
    <subfield code="0">0</subfield>
    <subfield code="1">0</subfield>
    <subfield code="2">ddc</subfield>
    <subfield code="4">0</subfield>
    <subfield code="7">0</subfield>
    <subfield code="a">BFM</subfield>
    <subfield code="b">BFM</subfield>
    <subfield code="c">CR</subfield>
    <subfield code="d">2016-04-12</subfield>
    <subfield code="e">COMPRA PROMED 3er A&#xD1;O, ABRIL 2016</subfield>
    <subfield code="g">1470.00</subfield>
    <subfield code="l">68</subfield>
    <subfield code="m">8</subfield>
    <subfield code="o">574.8 7 BIO</subfield>
    <subfield code="p">3653</subfield>
    <subfield code="q">2026-06-05</subfield>
    <subfield code="r">2026-05-21</subfield>
    <subfield code="s">2026-05-21</subfield>
    <subfield code="t">Ej.9</subfield>
    <subfield code="w">2016-04-12</subfield>
    <subfield code="y">BK</subfield>
    <subfield code="z">COMPRA PROMED 3er A&#xD1;O, ABRIL 2016</subfield>
  </datafield>
  <datafield tag="952" ind1=" " ind2=" ">
    <subfield code="0">0</subfield>
    <subfield code="1">0</subfield>
    <subfield code="2">ddc</subfield>
    <subfield code="4">0</subfield>
    <subfield code="7">0</subfield>
    <subfield code="a">BFM</subfield>
    <subfield code="b">BFM</subfield>
    <subfield code="c">CR</subfield>
    <subfield code="d">2016-04-12</subfield>
    <subfield code="e">COMPRA PROMED 3er A&#xD1;O, ABRIL 2016</subfield>
    <subfield code="g">1470.00</subfield>
    <subfield code="l">69</subfield>
    <subfield code="m">2</subfield>
    <subfield code="o">574.8 7 BIO</subfield>
    <subfield code="p">3654</subfield>
    <subfield code="r">2025-04-08</subfield>
    <subfield code="s">2025-04-01</subfield>
    <subfield code="t">Ej.10</subfield>
    <subfield code="w">2016-04-12</subfield>
    <subfield code="y">BK</subfield>
    <subfield code="z">COMPRA PROMED 3er A&#xD1;O, ABRIL 2016</subfield>
  </datafield>
</record>
